LEADER 01383nas0-2200433---450 001 990001146710203316 005 20180213152158.0 011 $a0921-4771 011 $a1613-4079$bonline 035 $a000114671 035 $aUSA01000114671 035 $a(ALEPH)000114671USA01 035 $a000114671 100 $a20030512a----9999km-y1itaa50------ba 101 0 $aeng 102 $aDE 110 $aahazz--|||| 200 1 $aProbus$ean international journal of Latin and Romance linguistics 210 $aBerlin ; New York$cMouton de Gruyter 215 $avolumi$d23 cm 300 $aInizia nel 1989 300 $aDescrizione basata su: Vol. 21, n. 1 (2009) 326 $aTrimestrale 606 0 $aLingua latina$xPeriodici 606 $aLingue romanze$xPeriodici 676 $a440.05 801 0$aIT$bsalbc$gISBD 856 4 $uhttp://www.reference-global.com/loi/prbs$4.$zOnline da workstation autorizzate 912 $a990001146710203316 958 $aUMA$bFondo$cVol. 21 (2009)-Vol.28 (2016); 959 $aSE 979 $aANNAPIA$b90$c20030512$lUSA01$h1516 979 $aPATRY$b90$c20040406$lUSA01$h1720 979 $aVITTORIANA$b90$c20090918$lUSA01$h1201 979 $aVITTORIANA$b90$c20090922$lUSA01$h1059 979 $aMUSELLA$b90$c20130207$lUSA01$h0928 979 $aVITTORIANA$b90$c20130625$lUSA01$h1604 996 $aProbus$9790838 997 $aUNISA LEADER 01303nam--2200421---450- 001 990003035730203316 005 20071218131131.0 010 $a978-88-04-53356-6 035 $a000303573 035 $aUSA01000303573 035 $a(ALEPH)000303573USA01 035 $a000303573 100 $a20071218h2007----km-y0itay50------ba 101 1 $aita$cger 102 $aIT 105 $a||||||||001yy 200 1 $a<> scienza occulta nelle sue linee generali$fRudolf Steiner$gtraduzione di E. de Renzis ed E. Battaglini 210 $aMilano$cOscar Mondadori$d2007 215 $a324 p.$d20 cm 225 2 $aOscar saggi$iFilosofia 410 0$12001$aOscar saggi$iFilosofia 454 1$12001$a<> Geheimwissenschaft im Umriss$929636 606 0 $aOccultismo 676 $a133 700 1$aSTEINER,$bRudolf$033031 702 1$aDE RENZIS,$bE. 702 1$aBATTAGLINI,$bE. 801 0$aIT$bsalbc$gISBD 912 $a990003035730203316 951 $aIII.2. 1304$b203048 L.M.$cII.2.$d00064583 959 $aBK 969 $aUMA 979 $aPAOLA$b90$c20071218$lUSA01$h1306 979 $aPAOLA$b90$c20071218$lUSA01$h1309 979 $aPAOLA$b90$c20071218$lUSA01$h1310 979 $aPAOLA$b90$c20071218$lUSA01$h1311 996 $aGeheimwissenschaft im Umriss$929636 997 $aUNISA